000 00762nam a22002297a 4500
005 20250730103246.0
008 250730b |||||||| |||| 00| 0 eng d
020 _a978-93-67000-44-1 (pbk)
037 _cTB
040 _aCRL
_cCRL
041 _2eng
_aeng
084 _aO111,1(SN1:86) R5
_qCRL
100 _aRajagopal, Govindswamy
_9816900
245 _aBehavioural psychology in sangam poetry
260 _aDelhi, India:
_bPharos Books,
_c2025.
300 _axix, 115p.
650 _aEnglish Poetry
_9816901
650 _aPsychology
_9816902
650 _aBehavior
_9816903
942 _2CC
_cTB
_hO111,1(SN1:86) R5
_n0
999 _c1434378
_d1434378